000 00613nam a2200229Ia 4500
003 OSt
005 20220923225727.0
006 a|||||r|||| 00| 0
007 ta
008 Pun
024 _a274,232
037 _cTextual
040 _aARTS
_cARTS
_bPun
041 _2Pun
_aPun
082 _aO153:g, K0
100 _aਸਿੰਘ, ਬਲਜੀਤ, ਬੱਲੀ
_9156315
245 0 _aਸਾਹਿਤ ਸਮੱਗਰੀ
260 _c1960
650 _aਪੰਜਾਬੀ ਸਾਹਿਤ
942 _hO153:g, K0
_cTEXL
_2CC
999 _c379996
_d379996